000 00528nam a2200169 i 4500
001 32840
003 ES-MaACL
005 20230906154638.0
007 t|
008 030131s1910 fr ||||1| fre d
100 1 _aBertrand, Gabriel.
_928526
245 1 0 _aGuide pour les manipulations de Chimie Biologique /
_cpar Gabriel Bertrand et Pierre Thomas.
260 _aParĂ­s :
_bH. Dunod,
_c1910 (
_eTours :
_fDeslis)
300 _aXXIV, 348 p. :
_bil. ;
_c19 cm.
700 1 _aThomas, Pierre.
_9110042
852 _aES-MaACL
_jD-3504
999 _c32840
_d32840